000 00616nam a22001217a 4500
008 110608t xxu||||| |||| 00| 0 eng d
010 _aSCCAF12
245 _aSupreme Court Civil Appeal No. 2 of 1997 Kasirye Byaruhanga and Co . Advocates Vs Uganda Development Bank
260 _c1997
500 _aCoram: Oder , J.S.C., Tsekooko J.S.C. and Karokora, J.S.C
500 _a An appeal from the Ruling and order of the high Court of Uganda at Kampala ( Ntabgoba, P.J.) dated 19 July 1995 in H.C. Misc. Application No.68/1994.
999 _c2499
_d2499